| 000 | 00910nam a2200253Ia 4500 | ||
|---|---|---|---|
| 003 | OSt | ||
| 005 | 20220923225153.0 | ||
| 006 | a|||||r|||| 00| 0 | ||
| 007 | ta | ||
| 008 | 220922b |||||||| |||| 00| 0 mal d | ||
| 024 | _a259,317 | ||
| 037 | _cTextual | ||
| 040 |
_aARTS _cARTS _bmal |
||
| 041 |
_2mal _amal |
||
| 082 | _aO32,3N05,PA, 152L6 | ||
| 100 |
_aकेशवदेव, पी; चतुर्वेदी, सुधंाशु, अनु. _9168456 |
||
| 245 | 0 | _aपड़ोसी | |
| 246 | _aPaड़osī | ||
| 260 |
_aनई दिल्ली _b साहित्य अकादेमी _c1976 |
||
| 300 |
_a387पृ0 _ccm. |
||
| 650 |
_aमलयालम साहित्य _9156264 |
||
| 942 |
_hO32,3N05,PA, 152L6 _cTEXL _2CC |
||
| 999 |
_c376516 _d376516 |
||